Responses for show #4558 - Wednesday, June 2, 2004

Ken Jennings game 1.

Contestants

[<< previous game]

Julia Lazarus, a fundraiser from New York, New York

Ken Jennings, a software engineer from Salt Lake City, Utah

Jerry Harvey, a freelance educator originally from California, Missouri (whose 2-day cash winnings total $70,002)

[next game >>]

Jeopardy! Round responses

BIOGRAPHY SUBTITLES
LET'S CLEAN UP
PARDON ME
QUOTABLE RECENT MOVIES
PLAY TIME
"EPI"SODES
    $200 7
John Kennedy

Jerry
    $200 26
your pool

Ken
    $200 21
Nixon

Ken
    $200 12
My Big Fat Greek Wedding

Ken
    $200 6
a royal flush

Jerry
    $200 1
an epidemic

Jerry
    $400 8
(Louis) Braille

Ken
    $400 27
a bedroom

Julia
    $400 22
his crown

Ken
    $400 13
Pirates of the Caribbean

Ken
    $400 17
snakes

Ken
    $400 2
an epilogue

Ken
    $600 9
John Paul Jones

Jerry
    $600 28
a feather duster

Ken
    $600 23
patriotism

Ken
    $600 14
Harry Potter and the Sorcerer's Stone

Ken
    $600 18
a star

Julia
    $600 3
epilepsy

Jerry
    $1,800 10
(Jerry: Who is Woolworth?)

Sam Walton

Jerry
    $800 29
a squeegee

Julia
    $800 24
Merle Haggard

Jerry
    $800 15
Bruce Almighty

Ken
    $800 19
two

Triple Stumper
    $800 4
an epigram

Ken
    $1000 11
Malcolm X

Julia
    $1000 30
to scour

Ken
    $1000 25
(Alex: Yeah, I could see you as [*], I'm telling you!)

Cassius

Jerry
    $1000 16
Signs

Julia
    $1000 20
tiddlywinks

Julia
    $1000 5
the epitome

Ken

Scores at the first commercial break (after clue 16):

Jerry Ken Julia
$0 $4,600 $2,000

Scores at the end of the Jeopardy! Round:

Jerry Ken Julia
$1,800 $8,000 $4,800

Double Jeopardy! Round responses

"H" NAMES
ACTRESSES & PLAYWRIGHTS
VOCABULARY
SENATORIAL SUCCESSORS
COUNTRY TIME
LEMON AID
    $400 11
Hitler

Ken
    $400 6
Shaw

Jerry
    $400 1
ovine

Julia
    $400 16
Hillary Clinton

Julia
    $400 25
India

Jerry
    $400 21
guacamole

Julia
    $800 12
Hercules

Julia
    $800 7
Laura Linney

Julia
    $800 2
to kiss

Ken
    $800 17
(Jerry: Who's--who's, uh... [As time runs out] [*], [*]?)
...
(Alex: Yes, that's right. You were a little late there, Jerry.)

Joseph Lieberman

JerryKen
    $800 30
New Zealand

Julia
    $800 22
lemon drops

Ken
    $1200 13
Ben Hogan

Ken
    $5,000 8
(Alex: She became Mrs. Neil Simon, and you have $11,000.)

Marsha Mason

Julia
    $1200 3
(Jerry: What is extenuating?)

mitigating

JerryKen
    $1200 18
John McCain

Jerry
    $1200 28
(Ken: What is Greece?)
(Jerry: What is the Soviet Union?)

Italy

JerryKen
Triple Stumper
    $1200 23
Amy Carter

Julia
    $1600 14
Rutherford B. Hayes

Ken
    $1600 9
Molière

Ken
    $2,000 4
boilerplate

Ken
    $1600 19
(Ken: Who is John Edwards?)

Elizabeth Dole

JerryKen
    $1600 27
(Ken: What is Israel?)

the United States

JerryKen
    $1600 24
Bob Lemon

Jerry
    $2000 15
Hagar

Ken
    $2000 10
Ossie Davis

Ken
    $2000 5
a forte

Ken
    $2000 20
Chuck Schumer

Julia
    $2000 26
Ethiopia

Jerry
    $2000 29
St. Clement's

Julia

Scores at the end of the Double Jeopardy! Round:

Jerry Ken Julia
$7,400 $20,000 $18,600

[wagering suggestions for these scores]

Final Jeopardy! Round responses

THE 2000 OLYMPICS
(Alex: [Before revealing the responses] And she's still going strong.)
...
(Alex: [Revealing Ken's response] And we will accept that. In terms of female athletes, there aren't that many.)
JerryWho is Marion Jones?
$1
JuliaWho is Gail
$3,799
KenWho is Jones?
$17,201
Marion Jones

Final scores:

Jerry Ken Julia
$7,401 $37,201 $14,801
3rd place: $1,000 New champion: $37,201 2nd place: $2,000

Game dynamics:

Coryat scores:

Jerry Ken Julia
$9,200 $19,600 $14,800
14 R,
4 W
(including 1 DD)
27 R
(including 1 DD),
3 W
16 R
(including 1 DD),
0 W

Combined Coryat: $43,600

The J! Archive is created by fans, for fans. The Jeopardy! game show and all elements thereof, including but not limited to copyright and trademark thereto, are the property of Jeopardy Productions, Inc. and are protected under law. This website is not affiliated with, sponsored by, or operated by Jeopardy Productions, Inc. Join the discussion at JBoard.tv.